| 000 | 00601nam a2200229Ia 4500 | ||
|---|---|---|---|
| 003 | OSt | ||
| 005 | 20220928111716.0 | ||
| 006 | a|||||r|||| 00| 0 | ||
| 007 | ta | ||
| 008 | 220927b |||||||| |||| 00| 0 eng d | ||
| 024 | _a8888 | ||
| 037 | _cTextual | ||
| 040 |
_aSDCL _cSDCL _beng |
||
| 041 |
_2eng _aeng |
||
| 082 | _aNWwN23, P1 | ||
| 100 |
_aChoube Kripashankar _9424703 |
||
| 245 | 0 | _aMrinal Sen ka chhayalok. | |
| 260 |
_aPanchakula _bAadhar Prakashan _c2001 |
||
| 300 |
_a94p _ccm. |
||
| 942 |
_hNWwN23, P1 _cTEXL _2CC |
||
| 999 |
_c741522 _d741522 |
||